Loading...
| Philosophy | 0 | 5 | 1 | 1 | 45 | 96 | 112.00 | 1 | 5 |
| Mythology | 0 | 4 | 2 | 1 | 30 | 105 | 122.50 | 0 | 3 |
| History - World History | 0 | 2 | 0 | 1 | 20 | 87 | 104.00 | 1 | 1 |
| History - American History | 0 | 2 | 0 | 1 | 20 | 98 | 112.50 | 0 | 2 |
| Fine Arts - Other Fine Arts | 0 | 1 | 0 | 0 | 10 | 124 | 124.00 | 0 | 1 |
| Geography | 0 | 1 | 0 | 1 | 10 | 135 | 135.00 | 0 | 0 |
| History - European History | 0 | 1 | 0 | 0 | 10 | 123 | 123.00 | 1 | 1 |
| Science - Other Science | 0 | 1 | 0 | 0 | 10 | 122 | 122.00 | 0 | 1 |
| Social Science | 0 | 1 | 1 | 0 | 5 | 110 | 110.00 | 0 | 1 |
| Science - Physics | 0 | 0 | 0 | 0 | 0 | 0.00 | 0 | 0 | |
| Religion | 0 | 1 | 2 | 0 | 0 | 65 | 65.00 | 1 | 1 |